Statystyki dla Geografia quiz #76 - Państwa na literę L

Kliknij tutaj aby rozwiązać quiz!

Ogólne statystyki

  • Ten quiz został rozwiązany 61 razy
  • Średni wynik to 7 z 8

Statystyki odpowiedzi

PaństwoKontynentPowierzchniaLiczba ludności% Poprawnych
LibiaAfryka1 759 540 km²6 310 434
93%
LitwaEuropa65 200 km²3 225 346
93%
LiechtensteinEuropa160 km²34 761
88%
LuksemburgEuropa2 586 km²474 413
88%
LibanAzja10 452 km²3 925 502
84%
LaosAzja236 800 km²6 521 998
81%
LiberiaAfryka111 370 km²3 200 000
75%
LesothoAfryka30 355 km²2 031 348
70%

Rozkład punktacji

Percentyl według liczby udzielonych odpowiedzi

Procent ludzi z każdym wynikiem

Twoja historia wyników

Nie rozwiązałeś tego quizu